| 000 | 01469nam2a22002291 4500 | ||
|---|---|---|---|
| 001 | v19\rc\2090161 | ||
| 005 | 20250620035504.0 | ||
| 035 | _a(NLR Aleph) 005160202 | ||
| 090 |
_a4979767 _c4979767 |
||
| 100 | _a20081218d1913 |||y0rusy50 ca | ||
| 101 | 0 | _arus | |
| 102 | _aRU | ||
| 105 | _ay z ||||| | ||
| 200 | 1 | _aОтдел приложений, содержащий инструкции, правила, наставления и циркулярные Правительственные распоряжения, изданные по 1 июля 1913 г. подлежащими ведомствами на основании некоторых статей Устава о воинской повинности | |
| 210 |
_eВологда _aБ. м. |
||
| 215 | _aVIII, 660 с. | ||
| 461 | 0 |
_1001v19\rc\2090159 _12001#$aУстав о воинской повинности$e(Свод. зак., т. IV, изд. 1897 г. и по Прод. 1912 г.)$fСост. А.П. Тютчев$vЧ. 2 _1700#1$aТютчев$bА.П.$4220 _94979751 _aТютчев, А.П. _cСанкт-Петербург _d1913 _eНеофиц. изд. Ч. [1]-2 _fСост. А.П. Тютчев _nЮрид. кн. маг. В.А. Анисимова _o(Свод. зак., т. IV, изд. 1897 г. и по Прод. 1912 г.) _p2 т. _tУстав о воинской повинности _vЧ. 2 |
|
| 801 | 0 |
_aRU _bNLR _gpsbo |
|
| 801 | 1 |
_aRU _bProSoft-M _2rusmarc |
|
| 852 |
_aNLR _j37.44.8.10 |
||
| 942 | _cBOOK | ||
| 980 | _aNB | ||